Fascism

Guardado en:  
Detalles Bibliográficos
Otros Autores: Griffin, Roger (Editor)
Tipo de documento: Print Libro
Lenguaje:Inglés
Publicado: London [u.a.] Routledge 2004-
En:Año: 2004
Verificar disponibilidad: HBZ Gateway
Servicio de pedido Subito: Pedir ahora.

MARC

LEADER 00000cam a2200000 ca4500
001 1177898446
003 DE-627
005 20251225182351.0
007 tu
008 031106m20049999xx ||||| 00| ||eng c
010 |a  2003047269 
020 |a 0415290155  |9 0-415-29015-5 
035 |a (DE-627)1177898446 
035 |a (DE-576)107898446 
035 |a (DE-599)BSZ107898446 
040 |a DE-627  |b ger  |c DE-627  |e rakwb 
041 |a eng 
082 0 |a 321.94 
245 0 0 |a Fascism  |c edited by Roger Griffin with Matthew Feldman 
263 |a : £595.00 : CIP entry (Dec.) 
264 1 |a London [u.a.]  |b Routledge  |c 2004- 
336 |a Text  |b txt  |2 rdacontent 
337 |a ohne Hilfsmittel zu benutzen  |b n  |2 rdamedia 
338 |a Band  |b nc  |2 rdacarrier 
490 0 |a Critical concepts in political science 
700 1 |a Griffin, Roger  |e Hrsg.  |4 edt 
935 |a rexa 
951 |a MC 
ELC |b 1 
LOK |0 000 xxxxxcx a22 zn 4500 
LOK |0 001 4633365606 
LOK |0 003 DE-627 
LOK |0 004 1177898446 
LOK |0 005 20241209123652 
LOK |0 008 241209||||||||||||||||ger||||||| 
LOK |0 040   |a DE-21-106  |c DE-627  |d DE-21-106 
LOK |0 852   |a DE-21-106 
LOK |0 852 1  |c G III Gri R 2  |m p  |9 00 
LOK |0 938   |k p 
LOK |0 939   |a 09-12-24  |b l01 
ORI |a SA-MARC-krimdoka001.raw